Quizzes
Events
Quiz Creation
Community
Videos
Private Events
Remove Ads
Sign In
Join for FREE
Feedback
Dark Mode
Quiz Categories
Sports
Geography
Music
Movies
Television
Just For Fun
Miscellaneous
History
Literature
Language
Science
Gaming
Entertainment
Religion
Holiday
For Kids
Quiz Lab
Recent
Popular Today
Quiz Kudos Today
Editor Picks
Curator Picks
Quizzes by...
Day
Popularity
Type
Ratings
Length
Year
Community
Subscriptions
Recent Discussions
Orange Saloon
Badges
Playlists
Quests
Create
Leaderboards
Showdown
Live 5
Trivia Bingo
Activity
Puzzle Library
Sporcle Events
Private Events
Virtual Trivia
Globe League
Become a Host
Pub Owners
SporcleCon
Opinionation
Our Games
Videos
Blog
Mobile Apps
Partnerships
Remove Ads and Go Orange
Feedback
Just For Fun
Clickable
Get the Picture
Humor
Quick Pick
Word Ladder
Missing Word
Mixed Word
Blitz
Minefield
This or That
Alphabet
Color
Typing
Sporcle
Puzzle
Word Play
Follow That Line
Logic
Just For Fun
Clickable
Get the Picture
Humor
Quick Pick
Word Ladder
Missing Word
Mixed Word
Blitz
Minefield
This or That
Alphabet
Color
Typing
Sporcle
Puzzle
Word Play
Follow That Line
Logic
Random Quiz
Search Sporcle
×
Quiz Lab
Quiz Lab
Just For Fun
Latin
Type in answers that appear in a list
Type in answers that appear in a list
Classic
Best Score? Go Orange.
UK fish by latin name/UK record Stats
Can you name the common UK Freshwater fish by its latin name and UK record catch?
By
spatch
5m
25 Questions
187 Plays
187 Plays
187 Plays
Comments
Comments
Give Quiz Kudos
Give Quiz Kudos
-
- Ratings
hide this ad
Forced Order
Answers have to be entered in order
Answers have to be entered in order
Random Order
Randomize order of answers
Randomize order of answers
Replay
Link that replays current quiz
Next Quiz
Link to next quiz in quiz playlist
You Got
0%
They Got
Avg Score
47%
Avg Friend Score
Upgrade to see
Score Distribution
Jump to the score distribution portion of the page
Score
0/25
Timer
05:00
0
Plays Today
Latin Name
Fish
% Correct
Cyprinus carpio
Mirror Carp
90.9%
Barbus barbus
Barbel
87.2%
Perca fluviatilis
Perch
85%
Tinca Tinca
Tench
80.2%
Esox lucius
Pike
80.2%
Rutilus rutilus
Roach
74.3%
Abramis brama
Bream
72.2%
Sander lucioperca
Zander
69%
Anguilla anguilla
Eel
62%
Gobio gobio
Gudgeon
55.1%
Silurus glanis
Wels Catfish
51.3%
Leuciscus cephalus
Chub
47.6%
Scardinius erythrophthalmus
Rudd
44.4%
Latin Name
Fish
% Correct
Leuciscus leuciscus
Dace
41.2%
Carassius carassius
Crucian Carp
36.4%
Cottus gobio
Bullhead
29.4%
Phoxinus phoxinus
Minnow
28.3%
Gasterosteus aculaeatus
3-Spined Stickleback
27.3%
Alburnus alburnus
Bleak
25.7%
Ctenopharyngodon idella
Grass Carp
24.6%
Carassius auratus
Brown Goldfish
21.9%
Leuciscus idus
Golden Orfe
18.2%
Blicca bjoerkna
Silver Bream
18.2%
Gymnocephalus cernuus
Ruffe
15.5%
Rhodeus sericeus
Bitterling
9.1%
Quiz Playlist
Details
Report
Send in Message
Add To Playlist
Classic:
Type in answers that appear in a list
Forced Order:
Answers have to be entered in order
Random Order:
Randomize order of answers
Last Updated: Feb 16, 2017
Quiz Scoreboard
CHALLENGE
Sign Up to Join the Scoreboard
Show All
Scores
Hide
Comments
May contain spoilers
Recently Published
Movies - When Are They Set?
by FPL_Elf
Movies
5m
Popular People in 1961
by mucciniale
History
6m
1-10 Letter E Words III
by El_Dandy
Language
2m
More to Explore
Quiz From the Vault
Featured Blog Post
Where Did the Easter Bunny Come From?
hide this ad
You Might Also Like...
Tags
Latin Quiz
World Quiz
catch
common
fish
Freshwater
record
Today's Top Quizzes in Just For Fun
Browse Just For Fun
hide this ad
Today's Top Quizzes in Latin
Browse Latin
Top Contributed Quizzes in Just For Fun
1
Harry Potter Logic - 'In Chains' II
2
Crossword Whiteout! 49
3
Survivor Winners Logic Puzzle
4
one piece logic puzzle
5
Letter's Position in the Alphabet Blitz
6
Thermometer Puzzle 25
7
Aquarium Logic Puzzle 17
8
Big Thermometer Puzzle 21
9
Edinburgh Fringe jokes 2015
10
Word Ladder: Ahoy Matey
Explore More
Trending Topics
Anime
Marvel
Harry Potter
Disney
Kpop
Crossword
NBA
NFL
Country
WWE
Song
Pokémon
The Office
Soccer
Puzzle
hide this ad
More By:
spatch
Quiz
Plays
Rating
Category
Featured
Created
Countries with Oldest Population
544
4.09
Geography
Oct 26, 2010
UK fish by latin name/UK record
187
5.00
Just For Fun
Jun 4, 2011
Missed Sporcle Answers - Geography
175
3.78
Geography
Jun 16, 2011
Flags with stars
107
4.75
Geography
Mar 22, 2011
Christmas song by first lyrics
107
4.00
Holiday
Dec 19, 2010
Go to Creator's Profile
Score Distribution
Quiz Creator Spotlight
spatch
Follow
Send a Message
Quizzes Created
-
Created Quiz Play Count
-
More By This Creator
Popular Quizzes Today
1
Find the US States - No Outlines Minefield
2
Find the Countries of Europe - No Outlines Minefield
3
The Countries of the World
4
Popular People in 1961
5
1-10 Letter E Words III
6
US States
7
Find the US States
8
One Thing in Common: World Cities II
More Just For Fun Quizzes
Word Ladder: Displays of Affection
Published
Trending Quizzes
Risky Map Clicking: Least Populous States A-Z
1-10 Letter F Words
1-10 Letter G Words
One Thing in Common: United Kingdom
Risky Map Clicking: Next State Alphabetically
Recently Updated
Leaping Animals
pecheneg
Reality TV Shows (A-Z)
bhenderson79
Rickey Henderson's Hall of Fame Teammates
pecheneg
Champions League XIs: Arsenal
pecheneg
Quick Pick: Celebrities in WWE's Hall of Fame
aduchscher
A-Z Keypad Blitz II
pecheneg
Multiple Oscar Actors
pecheneg
Mystery Phrase Blitz: Oscar 'Best Actors'
pecheneg
F. Scott Fitzgerald Novels
LTH
Pick 3 Villains
ddd62291
Trending Topics
Kpop
NBA
Disney
Anime
Harry Potter
Marvel
Crossword
Puzzle
Country
WWE
The Office
Soccer
Song
NFL
Pokémon
Your Account Isn't Verified!
In order to create a playlist on Sporcle, you need to verify the email address you used during registration. Go to your
Sporcle Settings
to finish the process.
Report this User
Report this user for behavior that violates our
Community Guidelines
.
Details:
Send Report
Go to the Sporcle.com Mobile Site →
Comments